000 00365nam a2200133 4500
999 _c11801
_d11801
003 OSt
005 20230727162757.0
008 230727b ||||| |||| 00| 0 eng d
100 _aT Krishna Kumar
245 _aHousing industry the system its structure and some strategies
260 _aBangalore
_bIndian institute of management
300 _a51p;
942 _2ddc